[Event "Khanty-Mansiysk Governor Cup"]
[Site "Khanty-Mansiysk"]
[Date "2007.11.23"]
[Round "3"]
[White "Korotkova, Ekaterina"]
[Black "Kopylov, Alexander"]
[Result "0-1"]
[WhiteElo "2028"]
[BlackElo "2328"]
[PlyCount "64"]
[EventDate "2007.11.21"]
[EventType "swiss"]
[EventRounds "9"]
[EventCountry "RUS"]
[SourceTitle "CBM 121 Extra"]
[Source "ChessBase"]
[SourceDate "2008.01.10"]
[SourceVersion "1"]
[SourceVersionDate "2008.01.10"]
[SourceQuality "1"]

1. Nf3 c5 2. g3 Nc6 3. Bg2 g6 4. d3 Bg7 5. e4 e6 6. 0-0 Nge7 7. c3 d5 8. Na3 0-0 9. Nc2 b5 10. a3 Bb7 11. exd5 Nxd5 12. d4 Qb6 13. dxc5 Qxc5 14. Ne3 Nb6 15. Nd2 Rad8 16. Qe2 a6 17. Ne4 Qe7 18. Nc2 Nc4 19. b3 Nd6 20. Bd2 Nxe4 21. Bxe4 e5 22. Rfd1 f5 23. Bg2 e4 24. Rac1 Ne5 25. Nd4 Nd3 26. Ra1 Rfe8 27. Be3 Qf7 28. Rxd3 exd3 29. Qxd3 Bxg2 30. Kxg2 Qxb3 31. Kg1 Qb2 32. Rb1 Qxa3 0-1

[Event "Arctic Cup 3rd"]
[Site "Salekhard"]
[Date "2007.10.11"]
[Round "4"]
[White "Kopylov, Alexander"]
[Black "Rojicek, Vojtech"]
[Result "1/2-1/2"]
[WhiteElo "2328"]
[BlackElo "2355"]
[PlyCount "75"]
[EventDate "2007.10.08"]
[EventType "team-tourn"]
[EventRounds "11"]
[EventCountry "RUS"]
[SourceTitle "CBM 120 Extra"]
[Source "ChessBase"]
[SourceDate "2007.11.01"]
[SourceVersion "1"]
[SourceVersionDate "2007.11.01"]
[SourceQuality "1"]

1. d4 Nf6 2. g3 d5 3. Nf3 Bg4 4. Bg2 c6 5. Nbd2 e6 6. b3 Be7 7. Bb2 Nbd7 8. 0-0 0-0 9. c4 a5 10. a3 a4 11. b4 Bxf3 12. Bxf3 b5 13. c5 Qc7 14. Qc2 Rfe8 15. Rfe1 Bf8 16. Bg2 g6 17. f3 e5 18. dxe5 Nxe5 19. e4 dxe4 20. f4 Ned7 21. Nxe4 Nxe4 22. Rxe4 Bg7 23. Bxg7 Kxg7 24. Rae1 Rxe4 25. Qxe4 Rc8 26. Qe7 Nf6 27. Re6 Qxe7 28. Rxe7 Kf8 29. Rb7 Ng8 30. Bh3 f5 31. Rd7 Nf6 32. Rd4 Re8 33. Rd6 Kf7 34. Rxc6 Re1+ 35. Bf1 Ra1 36. Rd6 Ke7 37. Rd3 h5 38. Re3+ 1/2-1/2

[Event "Arctic Cup 3rd"]
[Site "Salekhard"]
[Date "2007.10.10"]
[Round "3"]
[White "Shcherbin, Matvei"]
[Black "Kopylov, Alexander"]
[Result "1/2-1/2"]
[WhiteElo "2229"]
[BlackElo "2328"]
[PlyCount "86"]
[EventDate "2007.10.08"]
[EventType "team-tourn"]
[EventRounds "11"]
[EventCountry "RUS"]
[SourceTitle "CBM 120 Extra"]
[Source "ChessBase"]
[SourceDate "2007.11.01"]
[SourceVersion "1"]
[SourceVersionDate "2007.11.01"]
[SourceQuality "1"]

1. e4 g6 2. d4 Bg7 3. Nc3 c6 4. Bc4 d5 5. exd5 b5 6. Bb3 b4 7. Nce2 cxd5 8. Bd2 Nf6 9. Bxb4 0-0 10. c3 Na6 11. Ba3 Nc7 12. Nf3 Nb5 13. Bc5 Ne4 14. 0-0 Nxc5 15. dxc5 Nc7 16. Nf4 e6 17. Nd3 Ba6 18. Ba4 Qe7 19. c6 Rad8 20. Qc2 e5 21. Rfe1 e4 22. Nb4 Bc8 23. Qd2 Kh8 24. Nd4 f5 25. f4 g5 26. g3 gxf4 27. gxf4 Bh6 28. Kh1 a5 29. Nbc2 Qh4 30. Rf1 Ba6 31. Qf2 Qf6 32. Rg1 Qd6 33. Ne3 Bxf4 34. Nexf5 Qe5 35. Rg4 Rxf5 36. Nxf5 Ne6 37. c7 Rf8 38. Ne3 Nxc7 39. Rag1 Bc8 40. Rg5 Qf6 41. Rh5 Be6 42. Bd1 Qe7 43. Qd2 Qc5 1/2-1/2